| 000 | 00299nmm a2200097Ia 4500 | ||
|---|---|---|---|
| 008 | 220120s9999||||xx |||||||||||||||||und|| | ||
| 020 | _a981-243-129-2 | ||
| 100 |
_aGupta, Vikas and Kognet solutions Inc. _95836 |
||
| 245 | 0 | _aComputer concepts and C programming | |
| 260 |
_aKognet solutions Inc. _bBoston |
||
| 999 |
_c139591 _d139591 |
||